000 00411nam a2200157Ia 4500
008 221030s9999 xx 000 0 und d
020 _a9788131806975
041 _aEnglish
082 _a105.23
100 _aS. K. Garg
245 0 _aWorkshop Technology - Manufacturing Process
_cby S. K. Garg
260 _bUniversities Science Press
_aNew Delhi
_c2009
300 _a542
650 _aMechanical
942 _cBK
999 _c8966
_d8966